| 000 | 00353nam a22001457a 4500 | ||
|---|---|---|---|
| 003 | MACL | ||
| 005 | 20190901154025.0 | ||
| 008 | 190901b xxu||||| |||| 00| 0 eng d | ||
| 040 | _c MACL | ||
| 100 |
_aDhama, Tejpal Singh _976509 |
||
| 245 | _aDeendayal Upadhyaya | ||
| 260 |
_aDelhi _bG S Pub _c2017 |
||
| 650 |
_aBiography _976510 |
||
| 942 |
_2ddc _cBK |
||
| 999 |
_c60912 _d60912 |
||